000 00801nam a2200241 a 4500
001 BRCA_3968
005 20190320204509.0
008 140110s1929----au-a######---#000-0#ger-#
041 _ager
044 _aau
050 4 _aNK7402.5
_b.K34 1929
100 1 _aKaftan, Rudolph
_910321
245 1 0 _aIllustrierter Führer durch das Uhren-Museum der Stadt Wien, zugleich eine Kurze Darstellung der im Uhren-Museum ersichtlichen
_cRudolph Kaftan.
260 _aViena
_bDeutscher Verlag Fur Jugend und Volk
_c1929
300 _a112 p.
_bil.
_c21 cm.
500 _aCDE44
650 1 4 _aColeccionistas y colecciones
_910322
650 1 4 _aRelojes
_zAustria
_910323
650 1 4 _aGalerías y museos
_zAustria
_97952
650 1 4 _aRelojes
_xColeccionistas y colecciones
_910324
902 _aGFM
942 _2lcc
_cB
999 _c3695
_d3695